Aktivizovať poznávaciu činnosť

Podrobná bibliografia
Hlavný autor: Papík, Matej (Autor)
Médium: Článok
Jazyk:slovenčina
Predmet:

MARC

LEADER 00000nab a2200000 a 4500
001 vtls000214717
003 SK-MaSNL
005 20260303190305.0
008 140301c1985 xo 0 slo
015 |a SNBRB19rr/mm-uuuuu 
035 |a CL0224831 
040 |a SNKBUCL  |b slo  |c SNKBUCL  |e AACR2 
041 0 |a slo 
044 |a xo  |c SK 
080 |a 372.48:373.3:371.673  |2 1981 
080 |a 373.3  |2 1981 
080 |a 371.673  |2 1981 
100 1 |a Papík, Matej  |4 aut  |9 335714 
245 1 0 |a Aktivizovať poznávaciu činnosť  |c Matej Papík 
650 0 7 |a vlastiveda  |2 snkbucl  |9 3887 
650 0 7 |a školy základné  |2 snkbucl  |9 390867 
655 7 |a články z novín a časopisov  |2 snkbucl  |9 267496 
773 0 |t Učiteľské noviny  |g Roč. 35, č. 6 (1985), s. 5 
850 |a Slovenská národná knižnica v Martine  |a MTA001 
852 |a SNK  |b KIS3GCP 
958 |a RK 
992 |a RBX 
999 |c 2135502  |d 2137432